000
00343nam a2200133Ia 4500
008
230724s2007 xx und d
020
_a
713645210
041
_a
eng
082
_a
666.3
100
_a
JANE PERRYMAN
245
_a
TRADITIONAL POTTERY OF INDIA
260
_b
AMERICAN SOCIETY OF HEALTH-SYSTEM PHARMACISTS
_c
2007
300
_a
216
999
_c
1176532
_d
1176532